Normal view
MARC view
Entry Personal Name
001 - CONTROL NUMBER
- control field: 19970
003 - CONTROL NUMBER IDENTIFIER
- control field: ARRUPE
005 - DATE AND TIME OF LATEST TRANSACTION
- control field: 20150921115422.0
008 - FIXED-LENGTH DATA ELEMENTS
- fixed length control field: 150921|| aca||aabn | a|a d
040 ## - CATALOGING SOURCE
- Original cataloging agency: ARRUPE
- Transcribing agency: ARRUPE
100 ## - HEADING--PERSONAL NAME
- Personal name: Tully, Mark
670 ## - SOURCE DATA FOUND
- Source citation: Work cat.: (ARRUPE): Tully, Mark, Mother , 1992